[Event "Podgorica Buducnost op"]
[Site "Podgorica"]
[Date "2022.04.17"]
[Round "4"]
[White "Dedic, Slavko"]
[Black "Lakusic, Zoran"]
[Result "1-0"]
[WhiteElo "1816"]
[BlackElo "1646"]
[PlyCount "59"]
[EventDate "2022.04.15"]
[EventType "swiss"]
[EventRounds "5"]
[EventCountry "MNE"]
[SourceTitle "EXT 2023"]
[Source "ChessBase"]
[SourceDate "2022.10.05"]
[SourceVersion "1"]
[SourceVersionDate "2022.10.05"]
[SourceQuality "1"]

1. e4 c5 2. Nf3 Nc6 3. c3 e5 4. d3 d6 5. h3 h6 6. Be2 Nf6 7. 0-0 Be7 8. Nh2 Be6 9. c4 Nd4 10. f4 exf4 11. Rxf4 g5 12. Rf1 Nxe2+ 13. Qxe2 Qd7 14. Nc3 g4 15. hxg4 Nxg4 16. Nd5 Nxh2 17. Kxh2 0-0-0 18. Bd2 Bxd5 19. cxd5 Bg5 20. Bc3 Rhg8 21. Rf5 Qe8 22. Raf1 Rd7 23. Qh5 Be3 24. Qf3 Bd4 25. Bxd4 cxd4 26. Rxf7 Qe5+ 27. Kg1 Rxf7 28. Qxf7 Qg3 29. Rc1+ Kb8 30. Qc7+ 1-0

[Event "EU-ch Amateur U2000"]
[Site "Niksic"]
[Date "2018.06.16"]
[Round "4"]
[White "Dedic, Slavko"]
[Black "Ince, Safiye Oyku"]
[Result "0-1"]
[WhiteElo "1840"]
[BlackElo "1762"]
[PlyCount "46"]
[EventDate "2018.06.14"]
[EventType "swiss"]
[EventRounds "9"]
[EventCountry "MNE"]
[SourceTitle "EXT 2019"]
[Source "ChessBase"]
[SourceDate "2018.10.10"]
[SourceVersion "1"]
[SourceVersionDate "2018.10.10"]
[SourceQuality "1"]

1. Nf3 c5 2. e4 e6 3. d4 cxd4 4. Nxd4 a6 5. a4 Nf6 6. Bd3 Nc6 7. Nxc6 bxc6 8. 0-0 d5 9. exd5 cxd5 10. Be3 Bd6 11. Nc3 0-0 12. Bg5 Rb8 13. Rb1 Bb7 14. Qe2 Bc7 15. Bxa6 Qd6 16. f4 Bxa6 17. Nb5 Bxb5 18. axb5 Ne4 19. Bh4 Qb6+ 20. Kh1 Qxb5 21. Qxb5 Rxb5 22. Be7 Re8 23. Ba3 Nd2 0-1

[Event "MNT-ch sf"]
[Site "Podgorica"]
[Date "2018.03.16"]
[Round "2"]
[White "Berisaj, Agron"]
[Black "Dedic, Slavko"]
[Result "0-1"]
[WhiteElo "1950"]
[BlackElo "1854"]
[PlyCount "22"]
[EventDate "2018.03.15"]
[EventType "swiss"]
[EventRounds "9"]
[EventCountry "MNE"]
[SourceTitle "EXT 2019"]
[Source "ChessBase"]
[SourceDate "2018.10.10"]
[SourceVersion "1"]
[SourceVersionDate "2018.10.10"]
[SourceQuality "1"]

1. e4 e6 2. Nc3 d5 3. d3 d4 4. Nce2 e5 5. Nf3 Bd6 6. Bg5 f6 7. Bd2 c5 8. g3 Nc6 9. Bg2 Be6 10. 0-0 Qd7 11. c4 g5 0-1

[Event "MNT-ch sf"]
[Site "Niksic"]
[Date "2017.02.18"]
[Round "2"]
[White "Dedic, Slavko"]
[Black "Miletic, Vuk"]
[Result "1-0"]
[WhiteElo "1862"]
[BlackElo "1719"]
[PlyCount "125"]
[EventDate "2017.02.17"]
[EventType "swiss"]
[EventRounds "7"]
[EventCountry "MNE"]
[SourceTitle "CBM 177 Extra"]
[Source "ChessBase"]
[SourceDate "2017.04.27"]
[SourceVersion "1"]
[SourceVersionDate "2017.04.27"]
[SourceQuality "1"]

1. e4 c5 2. Nf3 Nc6 3. c3 Nf6 4. e5 Nd5 5. d4 cxd4 6. cxd4 e6 7. Bc4 d6 8. 0-0 dxe5 9. dxe5 Be7 10. Bxd5 exd5 11. Nc3 Be6 12. Bf4 0-0 13. Nd4 a6 14. Nxe6 fxe6 15. Qg4 Nd4 16. Rad1 Nf5 17. Ne2 Rc8 18. Rc1 Qd7 19. Rfd1 Rxc1 20. Rxc1 Rc8 21. Qf3 Rxc1+ 22. Bxc1 Qa4 23. Qd3 Qc6 24. Qc3 Qxc3 25. bxc3 Bc5 26. Nf4 Kf7 27. Nd3 Be7 28. Kf1 Ke8 29. Ke2 g6 30. g4 Ng7 31. Bh6 Kf7 32. Be3 Ne8 33. Bb6 h5 34. h3 hxg4 35. hxg4 g5 36. a4 Kg6 37. Ke3 Kf7 38. a5 Ng7 39. Kd4 Ke8 40. c4 dxc4 41. Kxc4 Kd7 42. Nc5+ Kc6 43. Ne4 Ba3 44. Nxg5 Bc1 45. Nf3 Bf4 46. Bd4 Ne8 47. Bc3 Nc7 48. Nd4+ Kd7 49. Ne2 Bh6 50. f4 Nd5 51. Bd2 Ne7 52. Nc3 Nc6 53. Ne4 Ne7 54. Nc5+ Kc6 55. Nxe6 Ng6 56. g5 Bf8 57. Nxf8 Nxf8 58. f5 Nd7 59. Bc3 b5+ 60. axb6 Nxb6+ 61. Kd4 Nd5 62. g6 Nf4 63. Ke4 1-0

[Event "Podgorica Buducnost op 1st"]
[Site "Podgorica"]
[Date "2015.03.22"]
[Round "7"]
[White "Jeknic, Velimir"]
[Black "Dedic, Slavko"]
[Result "1-0"]
[WhiteElo "1884"]
[BlackElo "1850"]
[PlyCount "53"]
[EventDate "2015.03.16"]
[EventType "swiss"]
[EventRounds "7"]
[EventCountry "MNE"]
[SourceTitle "EXT 2018"]
[Source "ChessBase"]
[SourceDate "2017.10.13"]
[SourceVersion "1"]
[SourceVersionDate "2017.10.13"]
[SourceQuality "1"]

1. e4 e5 2. Nf3 Nc6 3. d4 exd4 4. Bc4 Be7 5. c3 dxc3 6. Qd5 Nh6 7. Bxh6 0-0 8. Bc1 Nb4 9. Qh5 Nc2+ 10. Kd1 Nxa1 11. Nxc3 d6 12. Ng5 Bxg5 13. Bxg5 Qd7 14. Kd2 Qg4 15. Qxg4 Bxg4 16. Rxa1 Be6 17. Bd3 a6 18. Rc1 Rac8 19. Nd5 Bxd5 20. exd5 h6 21. Bf4 f5 22. h4 Rf6 23. h5 Kf8 24. b4 Ke7 25. a4 Kd7 26. b5 axb5 27. axb5 1-0

[Event "MNT-ch 65th"]
[Site "Cetinje"]
[Date "2013.07.22"]
[Round "3"]
[White "Bubanja, Milica"]
[Black "Dedic, Slavko"]
[Result "1/2-1/2"]
[WhiteElo "1745"]
[BlackElo "1878"]
[PlyCount "60"]
[EventDate "2013.07.20"]
[EventType "swiss"]
[EventRounds "9"]
[EventCountry "MNE"]
[SourceTitle "CBM 155 Extra"]
[Source "ChessBase"]
[SourceDate "2013.08.26"]
[SourceVersion "1"]
[SourceVersionDate "2013.08.26"]
[SourceQuality "1"]

1. d4 e6 2. c4 d5 3. Nc3 Nf6 4. Bg5 Be7 5. e3 0-0 6. Nf3 h6 7. Bh4 c6 8. Qc2 dxc4 9. Bxc4 Nd5 10. Bxe7 Qxe7 11. a3 Nd7 12. 0-0 a5 13. Bxd5 exd5 14. Na4 Qd6 15. Nc5 b6 16. Nxd7 Bxd7 17. Ne5 f6 18. Nxd7 Qxd7 19. Rac1 Rac8 20. Qb3 b5 21. Rc5 a4 22. Qc3 Rc7 23. Rc1 Rfc8 24. h3 f5 25. Qd2 Qe6 26. R1c2 Kh8 27. Qc1 Qd7 28. Qd2 Kg8 29. Qc1 Kf7 30. Qd1 Kg8 1/2-1/2

[Event "Cetinje Batricevic Memorial op"]
[Site "Cetinje"]
[Date "2012.10.27"]
[Round "9"]
[White "Dedic, Slavko"]
[Black "Hadzi Manev, Ljubomir"]
[Result "0-1"]
[WhiteElo "1889"]
[BlackElo "2070"]
[PlyCount "60"]
[EventDate "2012.10.20"]
[EventType "swiss"]
[EventRounds "9"]
[EventCountry "MNE"]
[SourceTitle "EXT 2013"]
[Source "ChessBase"]
[SourceDate "2012.11.22"]
[SourceVersion "1"]
[SourceVersionDate "2012.11.22"]
[SourceQuality "1"]

1. e4 c5 2. Nf3 e6 3. d4 cxd4 4. Nxd4 a6 5. Bd3 Bc5 6. Nb3 Be7 7. 0-0 Qc7 8. a4 b6 9. Be3 d6 10. a5 b5 11. Qe2 Nd7 12. Nd4 Ngf6 13. Nd2 Bb7 14. f3 Nc5 15. Rfc1 d5 16. exd5 Nxd5 17. Bf2 Bd6 18. g3 0-0 19. Ne4 Nxe4 20. Bxe4 Rac8 21. c3 h5 22. f4 h4 23. Kg2 Bxf4 24. Bxd5 Bxd5+ 25. Kh3 Bxc1 26. Rxc1 Qd7 27. g4 f5 28. Rg1 fxg4+ 29. Rxg4 e5 30. Nc2 Bf3 0-1

[Event "MNT-ch sf"]
[Site "Cetinje"]
[Date "2012.06.27"]
[Round "3"]
[White "Batricevic, Bozo"]
[Black "Dedic, Slavko"]
[Result "1-0"]
[WhiteElo "1779"]
[BlackElo "1903"]
[PlyCount "51"]
[EventDate "2012.06.26"]
[EventType "swiss"]
[EventRounds "7"]
[EventCountry "MNE"]
[SourceTitle "EXT 2013"]
[Source "ChessBase"]
[SourceDate "2012.11.22"]
[SourceVersion "1"]
[SourceVersionDate "2012.11.22"]
[SourceQuality "1"]

1. e4 e5 2. Nf3 Nf6 3. Nc3 d6 4. d4 Bg4 5. dxe5 Bxf3 6. gxf3 dxe5 7. Qxd8+ Kxd8 8. Bg5 Bb4 9. 0-0-0+ Bd6 10. Nb5 Ke7 11. Bh3 a6 12. Nc3 c6 13. Rd3 b5 14. Rhd1 Rd8 15. Kb1 h6 16. Be3 g5 17. Bc5 Ne8 18. Ne2 a5 19. Ng3 Bxc5 20. Nf5+ Kf6 21. Rxd8 Nc7 22. Nxh6 Be7 23. Ng8+ Kg7 24. Nxe7 Ra7 25. Nf5+ Kh7 26. Rxb8 1-0

[Event "Belgrade Trophy 23rd"]
[Site "Obrenovac"]
[Date "2010.11.27"]
[Round "4"]
[White "Angel Acosta, Juan Carlos"]
[Black "Dedic, Slavko"]
[Result "1-0"]
[WhiteElo "2184"]
[BlackElo "1914"]
[PlyCount "105"]
[EventDate "2010.11.24"]
[EventType "swiss"]
[EventRounds "9"]
[EventCountry "YUG"]
[SourceTitle "CBM 139 Extra"]
[Source "ChessBase"]
[SourceDate "2011.01.05"]
[SourceVersion "1"]
[SourceVersionDate "2011.01.05"]
[SourceQuality "1"]

1. d4 e6 2. c4 d5 3. Nc3 Nf6 4. e3 Be7 5. Bd3 0-0 6. Nf3 c5 7. 0-0 dxc4 8. Bxc4 Nc6 9. Qe2 cxd4 10. Rd1 e5 11. exd4 Nxd4 12. Nxd4 exd4 13. Be3 Bc5 14. Nb5 Qb6 15. Bxd4 Bg4 16. Qe5 Bxd4 17. Rxd4 a6 18. Nd6 Qxb2 19. Re1 h6 20. Nxf7 Rae8 21. Nd6+ Kh7 22. Nxe8 Rxe8 23. Bd3+ Kg8 24. Qxe8+ Nxe8 25. Rxe8+ Kf7 26. Rde4 Qc1+ 27. Bf1 Bf5 28. Re1 Qc6 29. R8e5 Bc2 30. Rc1 Qa4 31. Rc5 Bg6 32. Rc7+ Kf6 33. Rxb7 Bf5 34. Rb6+ Kf7 35. Rxa6 Qf4 36. Ra7+ Kg6 37. Rcc7 Qd2 38. Rxg7+ Kf6 39. a4 Qd1 40. Rg3 h5 41. Rf3 Kg6 42. Ra6+ Kg5 43. Ra5 h4 44. Raxf5+ Kg6 45. a5 h3 46. gxh3 Qa4 47. Bb5 Qd1+ 48. Kg2 Kh6 49. a6 Qa1 50. Rf6+ Kh7 51. Bd3+ Kg8 52. Rg3+ Kh8 53. Rh6# 1-0

[Event "Belgrade Trophy 23rd"]
[Site "Obrenovac"]
[Date "2010.11.26"]
[Round "3"]
[White "Dedic, Slavko"]
[Black "Lopez Colon, Francisco"]
[Result "0-1"]
[WhiteElo "1914"]
[BlackElo "2141"]
[PlyCount "94"]
[EventDate "2010.11.24"]
[EventType "swiss"]
[EventRounds "9"]
[EventCountry "YUG"]
[SourceTitle "CBM 139 Extra"]
[Source "ChessBase"]
[SourceDate "2011.01.05"]
[SourceVersion "1"]
[SourceVersionDate "2011.01.05"]
[SourceQuality "1"]

1. e4 d6 2. d4 Nf6 3. Nc3 g6 4. Nf3 Bg7 5. Be2 0-0 6. h3 a6 7. 0-0 b5 8. a3 Bb7 9. e5 Nfd7 10. exd6 cxd6 11. Be3 Nb6 12. Qd2 Nc4 13. Bxc4 bxc4 14. Qe2 Qc7 15. Nd2 Rc8 16. Nf3 Nd7 17. Rfd1 e6 18. Rac1 Nb6 19. Bf4 Nd5 20. Nxd5 Bxd5 21. c3 Rd8 22. Nd2 Rab8 23. Nf1 Qb7 24. Ne3 Qxb2 25. Qe1 Qb7 26. Rb1 Qc6 27. Rxb8 Rxb8 28. Rb1 Rb3 29. Rxb3 cxb3 30. Qc1 e5 31. dxe5 Bxe5 32. Bxe5 dxe5 33. Qd2 Be6 34. c4 Qb7 35. Qb2 f6 36. Kf1 a5 37. a4 Qb4 38. Qb1 Bxc4+ 39. Kg1 Qxa4 40. Qd1 Bf7 41. Qd8+ Kg7 42. Ng4 Qc6 43. Qd2 h5 44. Ne3 a4 45. g4 a3 46. gxh5 b2 47. h6+ Kh7 0-1

[Event "MNT-ch sf"]
[Site "Cetinje"]
[Date "2010.05.27"]
[Round "6"]
[White "Dedic, Slavko"]
[Black "Ljubisa, Mitar"]
[Result "1/2-1/2"]
[WhiteElo "1961"]
[BlackElo "2009"]
[PlyCount "20"]
[EventDate "2010.05.24"]
[EventType "swiss"]
[EventRounds "9"]
[EventCountry "MNE"]
[SourceTitle "CBM 136 Extra"]
[Source "ChessBase"]
[SourceDate "2010.07.02"]
[SourceVersion "2"]
[SourceVersionDate "2010.07.15"]
[SourceQuality "1"]

1. e4 c5 2. Nf3 g6 3. c3 Bg7 4. d4 cxd4 5. cxd4 Nf6 6. Nc3 d6 7. Bd3 0-0 8. 0-0 Nc6 9. h3 Bd7 10. Be3 a6 1/2-1/2

[Event "MNT-ch sf"]
[Site "Cetinje"]
[Date "2010.05.24"]
[Round "1"]
[White "Djukanovic, Sreten"]
[Black "Dedic, Slavko"]
[Result "1-0"]
[WhiteElo "2290"]
[BlackElo "1961"]
[PlyCount "95"]
[EventDate "2010.05.24"]
[EventType "swiss"]
[EventRounds "9"]
[EventCountry "MNE"]
[SourceTitle "CBM 136 Extra"]
[Source "ChessBase"]
[SourceDate "2010.07.02"]
[SourceVersion "2"]
[SourceVersionDate "2010.07.15"]
[SourceQuality "1"]

1. d4 d5 2. c4 e6 3. Nc3 Nf6 4. Bg5 Be7 5. e3 Ne4 6. Bxe7 Qxe7 7. Rc1 Nxc3 8. Rxc3 c6 9. Nf3 Nd7 10. Qc2 0-0 11. Bd3 g6 12. 0-0 f5 13. Rb1 dxc4 14. Bxc4 b5 15. Be2 Bb7 16. Rd1 a6 17. Nd2 Rac8 18. Nb3 b4 19. Rc4 Nb6 20. Rc5 Nd7 21. Ra5 Ra8 22. Nc5 Nxc5 23. Rxc5 a5 24. Qa4 Qc7 25. Bf3 Rfc8 26. Rdc1 Ra6 27. Re5 Kf7 28. Be2 Ra7 29. Rcc5 Qd6 30. Bc4 Re8 31. Rxa5 Rxa5 32. Qxa5 Bc8 33. Rc5 Kf6 34. f4 Bd7 35. Qxb4 Kg7 36. Rb5 Qxb4 37. Rxb4 Kf6 38. Rb7 Re7 39. b4 h6 40. a4 c5 41. b5 cxd4 42. exd4 Bc8 43. Rxe7 Kxe7 44. a5 Bb7 45. a6 Be4 46. b6 Kd8 47. Bxe6 g5 48. d5 1-0